|
|
|
|
| LEADER |
00000nam a2200000Ii 4500 |
| 001 |
DIGDEU1514 |
| 003 |
NyNyDIG |
| 006 |
m o d |
| 007 |
cr ||||||||||| |
| 008 |
130101s2007 sp ob 000 0 spa d |
| 020 |
|
|
|a 9788498307078
|q (eBook)
|
| 020 |
|
|
|z 9788498301212
|
| 020 |
|
|
|z 8498301211
|
| 035 |
|
|
|a (OCoLC)857078017
|
| 040 |
|
|
|a DGITA
|b eng
|e pn
|c DGITA
|
| 043 |
|
|
|a e-sp---
|
| 050 |
1 |
4 |
|a DP302.G86 eBook
|
| 050 |
1 |
4 |
|a HD60 eBook
|
| 245 |
0 |
0 |
|a Empresa y responsabilidad social en Gipuzkoa /
|c José Ma. Guibert Ucín (coord.).
|
| 264 |
|
1 |
|a San Sebastián :
|b Universidad de Deusto,
|c 2007.
|
| 300 |
|
|
|a 1 online resource (309 pages) :
|b ill.
|
| 336 |
|
|
|a text
|b txt
|2 rdacontent
|
| 337 |
|
|
|a computer
|b c
|2 rdamedia
|
| 338 |
|
|
|a online resource
|b cr
|2 rdacarrier
|
| 490 |
1 |
|
|a Serie Humanidades ;
|v vol. 14
|
| 504 |
|
|
|a Includes bibliographical references.
|
| 650 |
|
0 |
|a Social responsibility of business
|z Spain
|z Guipúzcoa
|
| 650 |
|
0 |
|a Business ethics
|z Spain
|z Guipúzcoa
|
| 650 |
|
0 |
|a Business & economics
|z Spain
|z Guipúzcoa
|
| 651 |
|
0 |
|a Guipúzcoa (Spain)
|x History
|
| 655 |
|
0 |
|a Electronic books.
|
| 700 |
1 |
|
|a Guibert Ucín, José María.
|
| 791 |
2 |
|
|a Digitalia (Firm),
|e distributor.
|
| 830 |
|
0 |
|a Serie Humanidades (Universidad de Deusto. Sede en San Sebastián) ;
|v v. 14.
|
| 793 |
0 |
|
|g Digitalia eBook Collection:
|a Universidad de Deusto.
|
| 856 |
4 |
0 |
|3 Digitalia Hispánica
|u https://www.digitaliapublishing.com/a/18099/
|
| 910 |
|
|
|a Premium Collection: 2007-2012
|